000 00588nam a2200181Ia 4500
003 GCL
008 140319s9999 xx 000 0 ara d
040 _aGCL /
_cGCL
082 0 4 _aد
_b050
_bم م
100 1 _aمعن ذيادة
245 1 0 _aمعالم على طريق تحديث الفكر العربى (عالم المعرفة 115) /
_cمعن ذيادة
260 _aالقاهرة :
_bدار المعارف ،
_c1987
300 _a255 ص ؛
_c18 سم
490 _aعالم المعرفة
_v115
650 0 4 _aالادب العربى
650 0 4 _aمقالات
942 _2ddc
_cBK
999 _c44725
_d44725